Justin Long Movies - Statistics

General Stats
  • This quiz has been taken 7 times
  • The average score is 16 of 72
Answer Stats
Year Movie % Correct
2007 Alvin and the Chipmunks
71%
2001 Jeepers Creepers
57%
2003 Jeepers Creepers 2
57%
2024 V/H/S/Beyond
57%
2022 Barbarian
43%
2007 Live Free or Die Hard
43%
2014 Tusk
43%
2013 A Case of You
29%
2006 Accepted
29%
2009 After.Life
29%
2010 Alpha and Omega
29%
2011 Alvin and the Chipmunks: Chipwrecked
29%
2014 Ask Me Anything
29%
2002 Crossroads
29%
2004 Dodgeball: A True Underdog Story
29%
2009 Drag Me to Hell
29%
2012 For A Good Time Call...
29%
2016 Frank and Lola
29%
1999 Galaxy Quest
29%
2010 Going the Distance
29%
2009 He's Just Not That Into You
29%
2006 Idiocracy
29%
2023 It's A Wonderful Knife
29%
2019 Jay and Silent Bob Reboot
29%
2013 Movie 43
29%
2009 Old Dogs
29%
2009 Planet 51
29%
2006 The Break-Up
29%
2010 The Conspirator
29%
2006 The Sasquatch Gang
29%
2019 The Wave
29%
2016 Yoga Hosers
29%
2008 Zack and Miri Make A Porno
29%
2011 10 Years
14%
2019 After Class
14%
2015 Alvin and the Chipmunks: The Road Chip
14%
2017 And Then I Go
14%
2007 Battle For Terra
14%
2012 Best Man Down
14%
2022 Christmas With the Campbells
14%
2022 Clerks III
14%
2014 Comet
14%
2023 Dear David
14%
2006 Dreamland
14%
2009 Funny People
14%
2016 Ghost Team
14%
2004 Hair High
14%
2001 Happy Campers
14%
2005 Herbie: Fully Loaded
14%
2022 House of Darkness
14%
2013 iSteve
14%
2008 Just Add Water
14%
2021 Lady of the Manor
14%
2016 Lavender
14%
2017 Literally, Right Before Aaron
14%
2008 Pineapple Express
14%
2004 Raising Genius
14%
2009 Serious Moonlight
14%
2009 Still Waiting...
14%
2008 Strange Wilderness
14%
2009 Taking Chances
14%
2019 Tall Tales from the Magical Garden of Antoon Krings
14%
2014 The Lookalike
14%
2014 Veronica Mars
14%
2005 Waiting...
14%
2004 Wake Up, Ron Bergundy: The Lost Movie
14%
2007 Walk Hard: The Dewey Cox Story
14%
2013 Walking With Dinosaurs
14%
2010 Youth in Revolt
14%
2009 Alvin and the Chipmunks: The Squekquel
0%
2024 Shrek 2 Retold
0%
2023 The Christmas Break
0%
No matching quizzes found
Score Distribution
Percent of People with Each Score
Percentile by Number Answered
Your Score History
You have not taken this quiz